| 000 | 00615nam a2200205 a 4500 | ||
|---|---|---|---|
| 001 | 4910394 | ||
| 005 | 20250312122740.0 | ||
| 008 | 940112s1993 enka b 001 0 eng d | ||
| 020 | _a0273601482 | ||
| 050 | 0 | 4 |
_aHD62.4 _b.I562 1993 |
| 082 | 0 | 0 |
_a658/.049 _220 |
| 245 | 0 | 0 |
_aInternational business : _btext and cases / _cedited by Jill Preston. |
| 260 |
_aLondon : _bPitman Pub., _c1993. |
||
| 300 |
_a312 p. : _bill. ; _c25 cm. |
||
| 650 | 0 |
_aInternational business enterprises _xManagement. |
|
| 650 | 0 | _aInternational trade. | |
| 650 | 0 | _aInternational finance. | |
| 700 | 1 | _aPreston, Jill. | |
| 942 |
_2lcc _cBK _n0 |
||
| 999 |
_c4711 _d4711 |
||